000 00680nam0a22002291 4500
001 RU\NLR\BIBL_A\022724279
005 20260215052428.0
035 _a(NLR Aleph) 022724279
090 _a13553491
_c13553491
100 _a20260210d1983 u y0rusy50 ca
101 0 _arus
102 _aRU
105 _aa z|||000yd
200 1 _aМухаммад ал-ХОРЕЗМИ
_eОколо 783- около 850
_fП.Г. Булгаков
210 _aМ.
_cНаука
_d1983
215 _a239 с.
700 1 _aБулгаков
_bП.Г.
_gПавел Георгиевич
_4070
852 _aNLR
_bОЛСАА-сл-спр
_j2-2640
942 _cUNSPEC
980 1 _aSL_SPR
980 _aNB